00548cam a2200157 a 4500020001500000040000800015082002600023245006400049250001100113260003600124300003300160500008900193650002600282700002400308710005800332 a0815166206 cDLC a796 MOS 1996 A088 Or.04aThe management of sport :bits foundation and application / a2nd ed aSt. Louis, Mo. :bMosby,cc1996 axxi, 402 p. :bill. ;c25 cm a"With the endorsement of the National Association for Sport and Physical Education." 0aSports administration1 aParkhouse, Bonnie L2 aNational Association for Sport and Physical Education